00397 a2200097 4500001001000000005001700010008004100027245012600068100003200194773007300226ART_1728920260410161923.0260409a 10aShort-run and long-run effects of monetary and fiscal policies under flexible exchange rates and perfect capital movility1 aRodríguez, Carlos Alfredo0 tThe American Economic Reviewg- Vol. 69, Nº 1 (mar. 1979)wREV16190